000 00767cam a2200157 4500500
005 20260405003215.0
041 _afre
042 _adc
100 1 0 _aThomasset, Alain
_eauthor
245 0 0 _aPaul Ricœur
260 _c2005.
500 _a69
520 _aLa désoccidentalisation des savoirs, Thomas Brisson; Mémoires. Tome V, Saïd Sadi; L’intrus suivi de Intrusions. Edition augmentée, Jean-Luc Nancy; Yann dans la nuit, Julie Brafman; Fractures dans l’Occident, Nicole Gnesoto; Jean-Louis Chrétien. Un filosofo cristiano, Giuseppe Vailati; Ses vies d’Afrique, François-David Sebbah.
786 0 _nÉtudes | 403 | 7 | 2005-07-01 | p. 5-8 | 0014-1941
856 4 1 _uhttps://shs.cairn.info/revue-etudes-2005-7-page-5?lang=fr&redirect-ssocas=7080
999 _c2065368
_d2065368